000 00692nam a2200217 4500
003 OSt
005 20240621084212.0
006 a
008 240621b |||||||| |||| 00| 0 eng d
020 _a0155002872
040 _aDWCL-Main lib.
_cOC
082 _aCirc. 150 In61 1993
_2Eleventh edition
110 _aRita L. Atkinson
245 _aIntroduction to psychology /
250 _aEleventh edition
260 _aFort Worth, TX :
_bHarcourt Brace College Pub. ,
_cc1993.
300 _axvii,
_b(various paging) : ill. (some col.) ;
_c28 cm.
504 _aIncludes bibliographical references & index.
650 _a1. Psychology I.
942 _2ddc
_n0
_cBK-CIRC
_kCirc.
_eEleventh edition
999 _c1107
_d1107